| 000 | 00432nam a22001817a 4500 | ||
|---|---|---|---|
| 999 |
_c11817 _d11817 |
||
| 003 | OSt | ||
| 008 | 230130b ||||| |||| 00| 0 eng d | ||
| 020 | _a9789386062765 | ||
| 082 | _a658.8 KUR | ||
| 100 | _aKUMAR,Dinesh | ||
| 245 | _aRural Marketing Challenges and Opportunities | ||
| 250 | _aEd | ||
| 260 |
_aNew Delhi _bSage _c2017 |
||
| 300 | _a494 | ||
| 650 | _aRural Marketing | ||
| 700 | _aGUPTA,Punam | ||
| 942 |
_2ddc _cREF |
||